100 Largest Cities in Hungary - Statistics

General Stats
  • This quiz has been taken 1,729 times
  • The average score is 44 of 100
Answers on the Map
Answers color-coded by a green-red scale on the quiz's map according to % correct below.
 
Answer Stats
City Population % Correct
Budapest 1,685,342
99%
Debrecen 199,858
90%
Győr 127,599
90%
Pécs 139,330
87%
Szeged 158,797
87%
Miskolc 147,533
83%
Sopron 60,334
79%
Nyíregyháza 116,282
76%
Székesfehérvár 95,045
76%
Kecskemét 108,120
75%
Szombathely 78,190
73%
Veszprém 55,910
73%
Szolnok 66,061
72%
Eger 49,182
71%
Tata 23,323
70%
Tatabánya 65,830
69%
Esztergom 28,612
68%
Zalaegerszeg 54,428
68%
Békés 17,678
67%
Békéscsaba 55,164
65%
Siófok 23,742
64%
Érd 71,253
63%
Kaposvár 59,397
62%
Dunaújváros 42,099
61%
Komárom 18,818
59%
Mosonmagyaróvár 33,935
57%
Szekszárd 29,889
56%
Salgótarján 31,312
55%
Vác 34,449
55%
Keszthely 18,039
54%
Göd 21,897
53%
Nagykanizsa 43,228
53%
Hódmezővásárhely 41,634
52%
Gödöllő 32,625
50%
Gyula 27,933
50%
Paks 17,417
48%
Pápa 29,019
48%
Szentendre 28,524
48%
Baja 33,140
47%
Budaörs 29,024
46%
Cegléd 36,200
45%
Gyöngyös 27,648
44%
Mohács 17,239
44%
Ózd 31,022
44%
Dunakeszi 43,858
43%
Hajdúszoboszló 23,174
42%
Hatvan 19,989
41%
Kiskunfélegyháza 28,872
41%
Makó 21,878
40%
Ajka 26,705
39%
Budakeszi 15,575
38%
Jászberény 26,115
37%
Vecsés 21,134
37%
Kiskunhalas 26,784
36%
Tapolca 14,367
36%
Balassagyarmat 14,185
35%
Csongrád 15,529
34%
Kazincbarcika 24,371
33%
Sátoraljaújhely 13,531
33%
Szigetszentmiklós 40,679
33%
Kalocsa 15,013
32%
Sárvár 14,314
32%
Tiszaújváros 14,362
31%
Hajdúböszörmény 29,374
30%
Mátészalka 15,653
30%
Orosháza 25,783
30%
Szentes 25,079
30%
Dombóvár 17,259
29%
Kisvárda 15,095
29%
Komló 21,917
29%
Monor 18,504
28%
Szarvas 14,473
28%
Mezőkövesd 15,504
27%
Oroszlány 18,078
27%
Karcag 18,572
25%
Nagykőrös 23,116
25%
Várpalota 19,575
25%
Dunaharaszti 23,579
24%
Fót 21,431
24%
Gyál 23,949
24%
Mór 13,518
24%
Százhalombatta 17,535
24%
Gárdony 12,771
23%
Kiskőrös 13,515
23%
Pécel 17,565
23%
Törökszentmiklós 19,344
23%
Biatorbágy 15,002
21%
Pomáz 18,879
21%
Abony 14,841
20%
Berettyóújfalu 14,301
20%
Dabas 17,470
20%
Veresegyház 20,764
20%
Kistarcsa 13,879
19%
Balmazújváros 16,994
18%
Gyömrő 20,231
18%
Mezőtúr 15,785
18%
Püspökladány 13,369
18%
Albertirsa 13,497
17%
Hajdúnánás 16,085
17%
Szigethalom 17,644
14%
No matching quizzes found
Score Distribution
Percent of People with Each Score
Percentile by Number Answered
Your Score History
You have not taken this quiz